Estado actual de las áreas naturales protegidas de América Latina y el Caribe / (Registro nro. 6914)

Detalles MARC
000 -CABECERA
Campo de control 01027nam a2200253 a 4500
005 - FECHA Y HORA DE LA ULTIMA TRANSACCION
Campo de control 20151215051842.0
008 - ELEMENTOS DE LONGITUD FIJA—INFORMACION GENERAL
Campo de control 151215b2005 xxu|||||r|||| 00| 0 spa d
040 ## - FUENTE DE CATALOGACIÓN
Agencia catalogadora original CO-BoIAVH
Agencia transcriptora CO-BoIAVH
041 0# - IDIOMA
Código de idioma para texto/pista de sonido o título separado Español
044 ## - PAÍS DE PUBLICACIÓN
País de publicación Colombia
082 04 - NUMERO DE CLASIFICACION DECIMAL DEWEY
Número de clasificación 333.9516
Número del ítem M47e
090 ## - CLASIFICACIÓN LOCAL
Colección LB
Consecutivo 05492
100 1# - ASIENTO PRINCIPAL--NOMBRE PERSONAL
Nombre personal Maza Elvira, Javier de la
9 (RLIN) 44176
245 10 - MENCION DE TITULO
Título Estado actual de las áreas naturales protegidas de América Latina y el Caribe /
Mención de responsabilidad Javier de la Maza Elvira, Rosaura Cadena González & Celia Piguerón Wirz
260 ## - PUBLICACION, DISTRIBUCION, ETC. (PIE DE IMPRENTA)
Lugar de publicación, distribución, etc. s.l.
Nombre del editor, distribuidor, etc. PNUMA,
Fecha de publicación, distribución, etc. 2003.
300 ## - DESCRIPCION FISICA
Extensión 108 páginas :
Otros detalles físicos ilustraciones, gráficas, tablas ;
Dimensiones 21 x 27 cm.
504 ## - NOTA DE BIBLIOGRAFIA, ETC.
Nota de bibliografía Incluye referencias bibliográficas (páginas 106-108).
650 #4 - ASIENTO SECUNDARIO DE MATERIA - TERMINO TEMATICO
Término temático o nombre geográfico como elemento de entrada Áreas Naturales Protegidas
Subdivisión general Estado
Subdivisión geográfica América Latina
9 (RLIN) 44177
650 #4 - ASIENTO SECUNDARIO DE MATERIA - TERMINO TEMATICO
Término temático o nombre geográfico como elemento de entrada Áreas Naturales Protegidas
Subdivisión geográfica América Latina
9 (RLIN) 44178
650 #4 - ASIENTO SECUNDARIO DE MATERIA - TERMINO TEMATICO
Término temático o nombre geográfico como elemento de entrada Áreas Naturales Protegidas
Subdivisión general Biodiversidad
Subdivisión geográfica América Latina
9 (RLIN) 44179
700 1# - ASIENTO SECUNDARIO - NOMBRE PERSONAL
Nombre personal Cadena Gónzalez, Rosaura
9 (RLIN) 44180
700 1# - ASIENTO SECUNDARIO - NOMBRE PERSONAL
Nombre personal Piguerón Wirz, Celia
9 (RLIN) 44181
942 ## - ELEMENTOS ADICIONALES (KOHA)
Tipo de ítem Libro
Sistema de clasificación Dewey Decimal Classification
Existencias
Withdrawn status Lost status Sistema de Clasificación Damaged status No para préstamo Colección Inventariado Ubicación Permanente Ubicación actual Fecha de adquisición Fuente de Valor Valor Total Checkouts Número topográfico Inventario / Código de Barras Date last seen Ejemplar Price effective from Forma de adquisición Tipo de material
    Dewey Decimal Classification     General Inventariado 2017 Bogotá Bogotá 08/05/2009 Instituto 15000.00   LB-333.9516 M47e 027155 04/12/2012 Ej.1 04/12/2012   Libro